000
00202 a2200097 4500
001
83871
090
_c
40038
_d
40037
100
_a
Raza Ali Aabdi
245
_a
Gernaili Sarrak
260
_b
Sang-e-Meel Publications
942
_a
NUST-CAE
999
_c
318944
_d
318944